The warning : accident at Three Mile Island /

Bibliographic Details
Main Author: Gray, Mike
Other Authors: Rosen, Ira
Format: Book
Language:English
Published: New York : W.W. Norton, [1982]
Edition:1st ed.
Subjects:

MARC

Tag First Indicator Second Indicator Subfields
LEADER 00000pam a2200000 a 4500
001 in00000092235
005 20150923132015.0
008 811124s1982 nyua 00110 eng
010 |a  81019014  
020 |a 039301522X 
035 |a (OCoLC)08032755 
035 |9 AAK7317AM 
039 0 |a 2  |b 3  |c 3  |d 3  |e 3 
040 |a DLC  |c DLC  |d TXA  |d UtOrBLW 
043 |a n-us-pa 
049 |a TXAM  |c [388744] 
050 0 0 |a TK1345 H37  |b  G7 1982 
082 0 |a 363.1/79  |2 19 
100 1 |a Gray, Mike. 
245 1 4 |a The warning :  |b accident at Three Mile Island /  |c Mike Gray and Ira Rosen. 
250 |a 1st ed. 
264 1 |a New York :  |b W.W. Norton,  |c [1982] 
264 4 |c ©1982 
300 |a 287 pages :  |b illustrations ;  |c 21 cm. 
336 |a text  |b txt  |2 rdacontent 
337 |a unmediated  |b n  |2 rdamedia 
338 |a volume  |b nc  |2 rdacarrier 
500 |a Includes index. 
610 2 0 |a Three Mile Island Nuclear Power Plant (Pa.) 
650 0 |a Nuclear power plants  |z Pennsylvania  |x Accidents. 
700 1 |a Rosen, Ira. 
999 |a MARS 
999 f f |s 7c68408a-8a7c-3775-907c-277022a2f327  |i 33e2c28a-a782-38bc-ad94-426e483ba25f  |t 0 
952 f f |p normal  |a Texas A&M University  |b College Station  |c Sterling C. Evans Library  |d Evans: Library Stacks  |t 0  |e TK1345 H37 G7 1982  |h Library of Congress classification  |i unmediated -- volume  |m A14805983307 
998 f f |a TK1345 H37 G7 1982  |t 0  |l Evans: Library Stacks